Statistics for NAME THE ENTIRE AIRPORT FROM THE CODE IN 2020

Click here to take the quiz!

General Stats

  • This quiz has been taken 4 times
    (2 since last reset)
  • The average score is 8 of 11

Answer Stats

HintAnswer% Correct
BCNBarcelona El-Prat International Airport
100%
DFWDallas/Fort Worth International Airport
100%
DENDenver International Airport
100%
DXBDubai International Airport
100%
HNDTokyo Haneda International Airport
100%
DELDelhi Indira Gandhi International Airport
50%
ATLHartsfield Jackson Atlanta International Airport
50%
LGWLondon Gatwick International Airport
50%
LHRLondon Heathrow International Airport
50%
BOMMumbai Chhatrapati Shivaji Maharaj International Airport
50%
DWCDubai Al Maktoum World Center International Airport
0%

Score Distribution

Percentile by Number Answered

Percent of People with Each Score

Your Score History

You have not taken this quiz since the last reset